The modi effect / (Record no. 592762)
[ view plain ]
| 000 -LEADER | |
|---|---|
| fixed length control field | 01321nam a22002775i 4500 |
| 001 - CONTROL NUMBER | |
| control field | 18451947 |
| 005 - DATE AND TIME OF LATEST TRANSACTION | |
| control field | 20221221114921.0 |
| 008 - FIXED-LENGTH DATA ELEMENTS--GENERAL INFORMATION | |
| fixed length control field | 150116s2015 nyu 000 0 eng |
| 010 ## - LIBRARY OF CONGRESS CONTROL NUMBER | |
| LC control number | 2015931135 |
| 020 ## - INTERNATIONAL STANDARD BOOK NUMBER | |
| International Standard Book Number | 9781623659387 |
| 040 ## - CATALOGING SOURCE | |
| Original cataloging agency | DLC |
| Language of cataloging | eng |
| Description conventions | rda |
| Transcribing agency | DLC |
| 042 ## - AUTHENTICATION CODE | |
| Authentication code | pcc |
| 082 ## - DEWEY DECIMAL CLASSIFICATION NUMBER | |
| Classification number | 320.954,PRI |
| 100 1# - MAIN ENTRY--PERSONAL NAME | |
| Personal name | Price, Lance. |
| 9 (RLIN) | 105507 |
| 245 14 - TITLE STATEMENT | |
| Title | The modi effect / |
| Statement of responsibility, etc. | Lance Price. |
| 263 ## - PROJECTED PUBLICATION DATE | |
| Projected publication date | 1503 |
| 264 #1 - PRODUCTION, PUBLICATION, DISTRIBUTION, MANUFACTURE, AND COPYRIGHT NOTICE | |
| Place of production, publication, distribution, manufacture | New York, NY : |
| Name of producer, publisher, distributor, manufacturer | Quercus, |
| Date of production, publication, distribution, manufacture, or copyright notice | 2015. |
| 300 ## - PHYSICAL DESCRIPTION | |
| Extent | pages cm |
| 336 ## - CONTENT TYPE | |
| Content type term | text |
| Content type code | txt |
| Source | rdacontent |
| 337 ## - MEDIA TYPE | |
| Media type term | unmediated |
| Media type code | n |
| Source | rdamedia |
| 338 ## - CARRIER TYPE | |
| Carrier type term | volume |
| Carrier type code | nc |
| Source | rdacarrier |
| 505 ## - FORMATTED CONTENTS NOTE | |
| Formatted contents note | The Outsider (Page-1), Chai Wala (Page-19), Chief Minister (Page-35), Behind The Mask (Page-51), <br/>The Big Mo (Page-67), The Modi Operandi (Page-83), I, Modi (Page-100), Iron Man 2 (Page-111), Tea Break (Page-124), iModi (Page-137), 'Superstar' (Page-150), Vote Lotus (Page-164), Brand Modi (Page-180), Mother Ganges (Page-192), The Only Way is UP (Page-202), Rally Driver (Page-214), GOTV (Page-225), India Recast? (Page-236), The Indomitable Will (Page-246), The Modi Defect (Page-269), Indian Politics: A Who'sWho (Page-277), Abbreviations(Page-287), Chronology (Page-291). |
| 906 ## - LOCAL DATA ELEMENT F, LDF (RLIN) | |
| a | 0 |
| b | ibc |
| c | orignew |
| d | 2 |
| e | epcn |
| f | 20 |
| g | y-gencatlg |
| 942 ## - ADDED ENTRY ELEMENTS (KOHA) | |
| Source of classification or shelving scheme | |
| Koha item type | Book |
| Call number prefix | 320.954,PRI |
| Withdrawn status | Lost status | Source of classification or shelving scheme | Damaged status | Not for loan | Permanent Location | Current Location | Shelving location | Date acquired | Total Checkouts | Full call number | Barcode | Date last seen | Price effective from | Koha item type | Public note |
|---|---|---|---|---|---|---|---|---|---|---|---|---|---|---|---|
| Military College of Signals (MCS) | Military College of Signals (MCS) | General Stacks | 12/21/2022 | 320.954,PRI | MCS37636 | 12/21/2022 | 12/21/2022 | Book | Almirah No.49, Shelf No.5 |
